[Event "Titled Tuesday intern op 01st Aug Early"]
[Site "Chess.com INT"]
[Date "2023.08.01"]
[Round "5"]
[White "Porter, Ryan W"]
[Black "Gutierrez Olivares, Daniel"]
[Result "0-1"]
[WhiteElo "2184"]
[BlackElo "2354"]
[PlyCount "42"]
[EventDate "2023.08.01"]
[EventType "swiss (blitz)"]
[EventRounds "11"]
[EventCountry "USA"]
[SourceTitle "EXT 2024"]
[Source "ChessBase"]
[SourceDate "2023.10.10"]
[SourceVersion "1"]
[SourceVersionDate "2023.10.10"]
[SourceQuality "1"]

1. e4 e6 2. Nf3 d5 3. e5 c6 4. d4 f6 5. Bd3 Qc7 6. 0-0 Nd7 7. Bf4 f5 8. h4 Be7 9. c3 Nh6 10. Bxh6 gxh6 11. Qd2 Bf8 12. Na3 Rg8 13. Nc2 Nb6 14. g3 Qf7 15. Nfe1 f4 16. Kh2 h5 17. Ng2 Bh6 18. Nxf4 Rg4 19. Kh3 Bxf4 20. gxf4 Qe7 21. f3 Qxh4# 0-1

[Event "Titled Tuesday intern op 01st Aug Early"]
[Site "Chess.com INT"]
[Date "2023.08.01"]
[Round "3"]
[White "Porter, Ryan W"]
[Black "Li, Hui"]
[Result "1-0"]
[WhiteElo "2184"]
[BlackElo "1988"]
[PlyCount "101"]
[EventDate "2023.08.01"]
[EventType "swiss (blitz)"]
[EventRounds "11"]
[EventCountry "USA"]
[SourceTitle "EXT 2024"]
[Source "ChessBase"]
[SourceDate "2023.10.10"]
[SourceVersion "1"]
[SourceVersionDate "2023.10.10"]
[SourceQuality "1"]

1. e4 e5 2. f4 d5 3. exd5 e4 4. d3 Nf6 5. dxe4 Nxe4 6. Nf3 Bc5 7. Qe2 Bf5 8. Nc3 Qe7 9. Be3 Nxc3 10. Bxc5 Qxe2+ 11. Bxe2 Nxe2 12. Kxe2 Na6 13. Ba3 Bxc2 14. Kd2 Be4 15. Rhe1 f5 16. Ng5 0-0-0 17. Nxe4 Rxd5+ 18. Kc2 fxe4 19. Rxe4 Rhd8 20. Re2 g6 21. Rae1 Nb8 22. Be7 Rg8 23. Bb4 Nc6 24. Bc3 Nd4+ 25. Bxd4 Rxd4 26. Re8+ Rxe8 27. Rxe8+ Rd8 28. Rxd8+ Kxd8 29. Kd3 Ke7 30. Ke4 Ke6 31. g4 c6 32. b4 b6 33. a3 Kf6 34. h3 Ke6 35. Kd4 Kf6 36. Ke4 Ke6 37. h4 Kf6 38. f5 gxf5+ 39. gxf5 h6 40. a4 a6 41. a5 bxa5 42. bxa5 c5 43. Kd5 Kxf5 44. Kxc5 Kg4 45. Kb6 Kxh4 46. Kxa6 h5 47. Kb6 Kg3 48. a6 h4 49. a7 h3 50. a8Q h2 51. Qh1 1-0

[Event "Titled Tuesday intern op 01st Aug Early"]
[Site "Chess.com INT"]
[Date "2023.08.01"]
[Round "4"]
[White "Starozhilov, Leonid"]
[Black "Porter, Ryan W"]
[Result "1-0"]
[WhiteElo "2294"]
[BlackElo "2184"]
[PlyCount "101"]
[EventDate "2023.08.01"]
[EventType "swiss (blitz)"]
[EventRounds "11"]
[EventCountry "USA"]
[SourceTitle "EXT 2024"]
[Source "ChessBase"]
[SourceDate "2023.10.10"]
[SourceVersion "1"]
[SourceVersionDate "2023.10.10"]
[SourceQuality "1"]

1. e4 d5 2. Nc3 d4 3. Nce2 e5 4. Nf3 f6 5. Ng3 Be6 6. Bb5+ c6 7. Ba4 Nd7 8. Bb3 Nc5 9. Bxe6 Nxe6 10. d3 Qd7 11. Bd2 0-0-0 12. a4 g6 13. b4 h5 14. Nh4 Ne7 15. b5 c5 16. 0-0 Bh6 17. Ba5 Rdg8 18. Qb1 Kb8 19. Qb3 Ng7 20. Qf7 Rf8 21. Qc4 Ne6 22. Rfb1 Bg5 23. Nf3 Bf4 24. Ne2 h4 25. Be1 h3 26. g3 Bh6 27. a5 Rc8 28. a6 b6 29. c3 Ng5 30. Nxg5 Bxg5 31. cxd4 Qg4 32. Kf1 cxd4 33. Qf7 Rc7 34. Ng1 f5 35. Bb4 Nc8 36. Qxg6 f4 37. f3 Qd7 38. Qxg5 Qxb5 39. Qg4 Qxd3+ 40. Ne2 Rc2 41. Re1 fxg3 42. hxg3 h2 43. Kg2 Rxe2+ 44. Rxe2 Qxe2+ 45. Kh1 Qb2 46. Rf1 Qxb4 47. Qg7 Qe7 48. Qxh8 d3 49. Qxh2 Qd7 50. Kg1 Qd4+ 51. Qf2 1-0

[Event "Redmond PNWCC Artist Point"]
[Site "Redmond"]
[Date "2021.09.03"]
[Round "2"]
[White "Yanayt, Eugene"]
[Black "Porter, Ryan W"]
[Result "1-0"]
[WhiteElo "2050"]
[BlackElo "2241"]
[PlyCount "77"]
[EventDate "2021.09.02"]
[EventType "swiss"]
[EventRounds "9"]
[EventCountry "USA"]
[SourceTitle "CBM 204 Extra"]
[Source "ChessBase"]
[SourceDate "2021.11.30"]
[SourceVersion "1"]
[SourceVersionDate "2021.11.30"]
[SourceQuality "1"]

1. d4 d5 2. c4 c6 3. Nf3 Nf6 4. g3 Bf5 5. Nc3 e6 6. Nh4 Be4 7. f3 Bg6 8. Nxg6 hxg6 9. e4 dxe4 10. fxe4 e5 11. d5 Bc5 12. Bg2 Nbd7 13. Qe2 Qe7 14. Bf3 Bd4 15. Bd2 a5 16. Kf1 a4 17. Kg2 a3 18. b4 0-0 19. Rab1 Nb6 20. Rhc1 Na4 21. c5 Nxc3 22. Bxc3 Bxc3 23. d6 Qe6 24. Rxc3 Nh7 25. h4 f5 26. Qc4 Qxc4 27. Rxc4 Nf6 28. b5 fxe4 29. Bxe4 Ng4 30. bxc6 bxc6 31. Rb3 Rf2+ 32. Kh3 Rxa2 33. Kxg4 Re2 34. Bxc6 a2 35. Rc1 a1Q 36. Rxa1 Rxa1 37. Bd5+ Kh7 38. d7 Ra4+ 39. Kf3 1-0

[Event "Titled Tuesday intern op 20th July"]
[Site "Chess.com INT"]
[Date "2021.07.20"]
[Round "7"]
[White "Oliveira, Silvio Eduardo"]
[Black "Porter, Ryan W"]
[Result "1-0"]
[WhiteElo "2321"]
[BlackElo "2241"]
[PlyCount "51"]
[EventDate "2021.07.20"]
[EventType "swiss (blitz)"]
[EventRounds "11"]
[EventCountry "USA"]
[SourceTitle "CBM 203 Extra"]
[Source "ChessBase"]
[SourceDate "2021.09.30"]
[SourceVersion "1"]
[SourceVersionDate "2021.09.30"]
[SourceQuality "1"]

1. e4 d6 2. d4 Nf6 3. Nc3 g6 4. Bf4 a6 5. h4 h5 6. e5 Ng4 7. Nf3 d5 8. Ng5 Bf5 9. e6 fxe6 10. f3 Nh6 11. Be5 Rg8 12. Bd3 Qd7 13. Qe2 Nf7 14. Nxf7 Kxf7 15. g4 Bxd3 16. Qxd3 Nc6 17. gxh5 Nxe5 18. dxe5 Bh6 19. Rg1 Bf4 20. Rxg6 Bxe5 21. 0-0-0 Qd6 22. Rdg1 Bxc3 23. Qxc3 Qf4+ 24. Kb1 d4 25. Qc4 Qf5 26. R1g5 1-0

[Event "Titled Tuesday intern op 20th July"]
[Site "Chess.com INT"]
[Date "2021.07.20"]
[Round "10"]
[White "Porter, Ryan W"]
[Black "Hryshchenko, Kamila"]
[Result "0-1"]
[WhiteElo "2241"]
[BlackElo "2055"]
[PlyCount "56"]
[EventDate "2021.07.20"]
[EventType "swiss (blitz)"]
[EventRounds "11"]
[EventCountry "USA"]
[SourceTitle "CBM 203 Extra"]
[Source "ChessBase"]
[SourceDate "2021.09.30"]
[SourceVersion "1"]
[SourceVersionDate "2021.09.30"]
[SourceQuality "1"]

1. c4 e5 2. Nc3 d6 3. g3 Be7 4. d4 exd4 5. Qxd4 Nf6 6. Bg2 0-0 7. Nh3 Nc6 8. Qd2 Be6 9. b3 a5 10. Nf4 Bd7 11. Bb2 Qc8 12. 0-0 Re8 13. Nfd5 Nxd5 14. Nxd5 Bf8 15. Qg5 Kh8 16. Qh5 Bf5 17. Qxf7 Rxe2 18. Bc3 Ne5 19. Qxc7 Qe8 20. Qxb7 Rb8 21. Qc7 Rc8 22. Qa7 Qh5 23. f3 Bh3 24. Nf4 Rxg2+ 25. Nxg2 Nxf3+ 26. Rxf3 Qxf3 27. Nf4 Qxc3 28. Rd1 d5 0-1

[Event "Titled Tuesday intern op 20th July"]
[Site "Chess.com INT"]
[Date "2021.07.20"]
[Round "6"]
[White "Porter, Ryan W"]
[Black "Novikov, Evgenij"]
[Result "1-0"]
[WhiteElo "2241"]
[BlackElo "2276"]
[PlyCount "117"]
[EventDate "2021.07.20"]
[EventType "swiss (blitz)"]
[EventRounds "11"]
[EventCountry "USA"]
[SourceTitle "CBM 203 Extra"]
[Source "ChessBase"]
[SourceDate "2021.09.30"]
[SourceVersion "1"]
[SourceVersionDate "2021.09.30"]
[SourceQuality "1"]

1. c4 c5 2. g3 g6 3. Bg2 Bg7 4. Nc3 e6 5. e4 Ne7 6. Nge2 Nbc6 7. 0-0 0-0 8. d3 Rb8 9. Bg5 f6 10. Be3 d6 11. d4 cxd4 12. Nxd4 Nxd4 13. Bxd4 Nc6 14. Be3 a6 15. Qd2 Rf7 16. Rfd1 Rd7 17. Rac1 Ne5 18. Qe2 Qe7 19. f4 Nf7 20. Bb6 g5 21. b3 Ra8 22. Kh1 a5 23. Qf2 Nh6 24. h3 Qf8 25. f5 e5 26. Bf1 Qf7 27. g4 Bf8 28. c5 Qg7 29. Bc4+ Kh8 30. Be6 dxc5 31. Bxd7 Bxd7 32. Bxc5 Bc6 33. Nd5 a4 34. b4 a3 35. Bxf8 Rxf8 36. Qc5 Rg8 37. b5 Bxd5 38. Rxd5 Nxg4 39. hxg4 Qh6+ 40. Kg2 Qh4 41. Qe3 Qxg4+ 42. Kf2 Qh4+ 43. Ke2 Qh2+ 44. Qf2 Qh3 45. Rd3 Qh5+ 46. Qf3 g4 47. Qg2 g3+ 48. Rf3 Rd8 49. Rh1 Qg5 50. Re3 Qg4+ 51. Qf3 g2 52. Rg1 Qh4 53. Qxg2 Qh5+ 54. Qg4 Qf7 55. Rh1 Qc4+ 56. Kf3 Rd2 57. Qh4 Qc7 58. Qh3 Qc2 59. Qxh7# 1-0

[Event "Titled Tuesday intern op 20th July"]
[Site "Chess.com INT"]
[Date "2021.07.20"]
[Round "4"]
[White "Porter, Ryan W"]
[Black "Ziatdinov, Raset"]
[Result "1/2-1/2"]
[WhiteElo "2241"]
[BlackElo "2213"]
[PlyCount "198"]
[EventDate "2021.07.20"]
[EventType "swiss (blitz)"]
[EventRounds "11"]
[EventCountry "USA"]
[SourceTitle "CBM 203 Extra"]
[Source "ChessBase"]
[SourceDate "2021.09.30"]
[SourceVersion "1"]
[SourceVersionDate "2021.09.30"]
[SourceQuality "1"]

1. c4 Nf6 2. g3 g6 3. Bg2 Bg7 4. Nc3 0-0 5. e4 d6 6. Nge2 e5 7. 0-0 c5 8. d3 Nc6 9. f4 Nd4 10. Nxd4 cxd4 11. Nd5 Nxd5 12. cxd5 f5 13. Qb3 Qb6 14. Qxb6 axb6 15. Bd2 Bd7 16. Bb4 Rf6 17. fxe5 dxe5 18. a3 Bb5 19. Rfd1 Ba4 20. Re1 Bb5 21. exf5 Rxf5 22. Be4 Rf7 23. Rac1 Rd7 24. Rf1 Re8 25. Rc2 Bf8 26. Bd2 Rf7 27. Rxf7 Kxf7 28. Rc7+ Re7 29. d6 Rd7 30. Bd5+ Ke8 31. Rc8+ Rd8 32. Bf7+ Kd7 33. Be6+ Ke8 34. Rxd8+ Kxd8 35. Bg5+ Ke8 36. d7+ Bxd7 37. Bg8 h6 38. Bf6 Bd6 39. Bd5 Bc6 40. Be6 Bb5 41. Bd5 Bxd3 42. Bxb7 Kf7 43. Bd8 Bc5 44. b4 Bd6 45. Bxb6 Bc4 46. Kf2 Ke6 47. Kf3 g5 48. Bc8+ Ke7 49. Bb7 Ke6 50. Be4 h5 51. g4 h4 52. Bf5+ Kd5 53. Be4+ Ke6 54. Ba5 Bb3 55. Bd8 Bd1+ 56. Kf2 Bxg4 57. Bxg5 h3 58. Bd2 Bf5 59. Bf3 e4 60. Be2 e3+ 61. Bxe3 dxe3+ 62. Kxe3 Bxh2 63. a4 Bd6 64. b5 Bc5+ 65. Kf4 h2 66. Bf3 Bd3 67. Kg3 Bd6+ 68. Kg2 Bf4 69. b6 Kf5 70. b7 Be4 71. Bxe4+ Kxe4 72. Kh1 Kd5 73. a5 Kc6 74. a6 Kb6 75. Kg2 Kxa6 76. b8Q Bxb8 77. Kh1 Kb6 78. Kg2 Kc5 79. Kh1 Kd4 80. Kg2 Ke3 81. Kh1 Ke2 82. Kg2 Bd6 83. Kh1 Bc5 84. Kg2 Bg1 85. Kh1 Ke3 86. Kg2 Kf4 87. Kh1 Kg4 88. Kg2 Kh4 89. Kh1 Kg4 90. Kg2 Kf4 91. Kh1 Ke3 92. Kg2 Ke2 93. Kh1 Ke1 94. Kg2 Kd2 95. Kh1 Kd3 96. Kg2 Ke3 97. Kh1 Ke4 98. Kg2 Ke3 99. Kh1 Kf3 1/2-1/2

[Event "Titled Tuesday intern op 06th July"]
[Site "Chess.com INT"]
[Date "2021.07.06"]
[Round "3"]
[White "Porter, Ryan W"]
[Black "Derjabin, Ilja"]
[Result "0-1"]
[WhiteElo "2241"]
[BlackElo "2353"]
[PlyCount "76"]
[EventDate "2021.07.06"]
[EventType "swiss (blitz)"]
[EventRounds "11"]
[EventCountry "USA"]
[SourceTitle "EXT 2022"]
[Source "ChessBase"]
[SourceDate "2021.10.06"]
[SourceVersion "1"]
[SourceVersionDate "2021.10.06"]
[SourceQuality "1"]

1. c4 c5 2. Nf3 Nf6 3. Nc3 d5 4. cxd5 Nxd5 5. e3 Nxc3 6. dxc3 Qc7 7. e4 Nc6 8. Be3 e6 9. Nd2 Be7 10. Qg4 Bf6 11. Qg3 e5 12. Bxc5 Be6 13. Be2 0-0-0 14. Be3 h5 15. f3 Qe7 16. h4 Rhg8 17. Bg5 Qc5 18. Nb3 Bxb3 19. axb3 Bxg5 20. Qxg5 f6 21. Qc1 g5 22. hxg5 Rxg5 23. b4 Qb6 24. b5 Rxg2 25. Rf1 Ne7 26. c4 Qd4 27. Qc3 Kb8 28. Qxd4 exd4 29. Rd1 h4 30. Rh1 Ng6 31. Kf1 Rg5 32. Kf2 Nf4 33. Bd3 Rg2+ 34. Kf1 h3 35. Rxh3 Rxb2 36. Rh4 Ng2 37. Rh6 Ne3+ 38. Ke1 Rg8 0-1

[Event "Titled Tuesday intern op 29th June"]
[Site "Chess.com INT"]
[Date "2021.06.29"]
[Round "2"]
[White "Desideri, Ricardo Maruchi"]
[Black "Porter, Ryan W"]
[Result "0-1"]
[WhiteElo "1939"]
[BlackElo "2241"]
[PlyCount "66"]
[EventDate "2021.06.29"]
[EventType "swiss (blitz)"]
[EventRounds "11"]
[EventCountry "USA"]
[SourceTitle "CBM 203 Extra"]
[Source "ChessBase"]
[SourceDate "2021.09.30"]
[SourceVersion "1"]
[SourceVersionDate "2021.09.30"]
[SourceQuality "1"]

1. e4 d6 2. d4 Nf6 3. Nc3 g6 4. Be3 a6 5. f3 b5 6. a3 Nbd7 7. Qd2 Bb7 8. g4 Nb6 9. h4 h5 10. g5 Nfd7 11. Bh3 Bg7 12. b3 c5 13. Nge2 Qc7 14. 0-0 0-0 15. f4 cxd4 16. Bxd4 e5 17. fxe5 Nxe5 18. Nf4 Rad8 19. Nfd5 Nxd5 20. Nxd5 Bxd5 21. exd5 Rfe8 22. Rae1 Qb7 23. Qg2 Re7 24. Re4 Qxd5 25. Rfe1 Rde8 26. c4 bxc4 27. bxc4 Qxc4 28. Bxe5 Qc5+ 29. Bd4 Bxd4+ 30. Kh1 Rxe4 31. Rxe4 Qc1+ 32. Qf1 Qxf1+ 33. Bxf1 Rxe4 0-1

[Event "Titled Tuesday intern op 29th June"]
[Site "Chess.com INT"]
[Date "2021.06.29"]
[Round "1"]
[White "Porter, Ryan W"]
[Black "Nitin, Senthilvel"]
[Result "0-1"]
[WhiteElo "2241"]
[BlackElo "2381"]
[PlyCount "188"]
[EventDate "2021.06.29"]
[EventType "swiss (blitz)"]
[EventRounds "11"]
[EventCountry "USA"]
[SourceTitle "CBM 203 Extra"]
[Source "ChessBase"]
[SourceDate "2021.09.30"]
[SourceVersion "1"]
[SourceVersionDate "2021.09.30"]
[SourceQuality "1"]

1. c4 Nf6 2. Nf3 g6 3. d4 Bg7 4. g3 0-0 5. Bg2 d6 6. Nc3 Nbd7 7. 0-0 e5 8. e4 exd4 9. Nxd4 Re8 10. h3 a6 11. Qc2 Rb8 12. Rd1 Nc5 13. Bf4 Bd7 14. Rab1 Qc8 15. Kh2 h5 16. Be3 h4 17. g4 Bxg4 18. hxg4 Nxg4+ 19. Kh1 h3 20. Bf3 Ne5 21. Be2 b5 22. cxb5 axb5 23. b4 Ne6 24. Ncxb5 Nxd4 25. Nxd4 Ng4 26. Bxg4 Qxg4 27. f3 Qh5 28. Qf2 Ra8 29. Rbc1 Ra3 30. Rf1 Rea8 31. Rc2 d5 32. exd5 Qxd5 33. Nb3 Re8 34. Bd4 f6 35. Re2 Rea8 36. Bc5 R3a6 37. Rg1 Qf5 38. Qg3 Kh7 39. Qh4+ Kg8 40. Qc4+ Kh7 41. Qh4+ Kg8 42. Qg4 Qd3 43. Rf2 Kf7 44. Nc1 Qb1 45. Ne2 Qf5 46. Qxf5 gxf5 47. Nd4 Rxa2 48. Rxa2 Rxa2 49. Nxf5 Bh8 50. Nh6+ Ke6 51. Ng4 f5 52. Nf2 Be5 53. Re1 Kd5 54. Rd1+ Kc4 55. Re1 Bg3 56. Rc1+ Kd5 57. Rd1+ Kc4 58. Rf1 Re2 59. Rc1+ Kd5 60. Nxh3 Rh2+ 61. Kg1 Ra2 62. Ng5 Bf4 63. Rd1+ Kc4 64. Ne6 Bh6 65. Rd4+ Kc3 66. Rd1 Kc2 67. Rf1 Kd3 68. Rd1+ Ke2 69. Rf1 Rc2 70. Rf2+ Kd1 71. Rxc2 Kxc2 72. Nd4+ Kd3 73. Nxf5 Bf4 74. Ne7 Kc4 75. Nc6 Kd3 76. Nb8 Ke2 77. Nd7 Kxf3 78. Nf8 Ke4 79. Ne6 Be5 80. Ng5+ Kd5 81. Nf3 Bc3 82. Kg2 Kc4 83. Ne5+ Bxe5 84. Kf3 Bc3 85. Ke4 Bxb4 86. Be3 Bd6 87. Bc1 Bc5 88. Bb2 c6 89. Bc1 Bg1 90. Kf3 Kd3 91. Kf4 Bd4 92. Kf5 c5 93. Ke6 c4 94. Kd5 c3 0-1

[Event "Titled Tuesday intern op 22nd June"]
[Site "Chess.com INT"]
[Date "2021.06.22"]
[Round "1"]
[White "Alavi, Sayed Javad"]
[Black "Porter, Ryan W"]
[Result "1-0"]
[WhiteElo "2445"]
[BlackElo "2241"]
[PlyCount "73"]
[EventDate "2021.06.22"]
[EventType "swiss (blitz)"]
[EventRounds "11"]
[EventCountry "USA"]
[SourceTitle "CBM 203 Extra"]
[Source "ChessBase"]
[SourceDate "2021.09.30"]
[SourceVersion "1"]
[SourceVersionDate "2021.09.30"]
[SourceQuality "1"]

1. Nf3 d6 2. d4 g6 3. e4 Nf6 4. Nc3 Bg7 5. Be2 0-0 6. 0-0 a6 7. a4 Nc6 8. h3 e5 9. Be3 Bd7 10. dxe5 dxe5 11. Bc4 h6 12. Qd2 Qe7 13. Bxh6 Rad8 14. Bxg7 Kxg7 15. Qg5 Qb4 16. Qxf6+ Kxf6 17. Nd5+ Kg7 18. Nxb4 Nxb4 19. Nxe5 Nxc2 20. Rac1 Nb4 21. Bb3 Nc6 22. Nxd7 Rxd7 23. Rfd1 Rfd8 24. Rxd7 Rxd7 25. Rd1 Nd4 26. Kf1 c5 27. Bd5 b5 28. axb5 axb5 29. b4 Ne6 30. bxc5 Nxc5 31. Rb1 Ra7 32. Rxb5 Nd3 33. g3 Ra1+ 34. Ke2 Nc1+ 35. Kd2 Kf6 36. f4 Na2 37. Ra5 1-0

[Event "Titled Tuesday intern op 22nd June"]
[Site "Chess.com INT"]
[Date "2021.06.22"]
[Round "11"]
[White "Porter, Ryan W"]
[Black "Baskin, Robert"]
[Result "0-1"]
[WhiteElo "2241"]
[BlackElo "2390"]
[PlyCount "66"]
[EventDate "2021.06.22"]
[EventType "swiss (blitz)"]
[EventRounds "11"]
[EventCountry "USA"]
[SourceTitle "CBM 203 Extra"]
[Source "ChessBase"]
[SourceDate "2021.09.30"]
[SourceVersion "1"]
[SourceVersionDate "2021.09.30"]
[SourceQuality "1"]

1. c4 e5 2. Nc3 Nf6 3. Nf3 Nc6 4. e3 Bb4 5. Qc2 0-0 6. Nd5 Re8 7. Qf5 d6 8. Nxf6+ Qxf6 9. Qxf6 gxf6 10. a3 Bc5 11. b4 Bb6 12. Bb2 a5 13. b5 Nd8 14. d4 Bg4 15. 0-0-0 Ne6 16. Be2 e4 17. Ng1 Bxe2 18. Nxe2 f5 19. a4 Rad8 20. d5 Nc5 21. Nf4 Nxa4 22. Bf6 Rc8 23. g4 c6 24. dxc6 bxc6 25. gxf5 cxb5 26. Rhg1+ Kf8 27. Nd5 Rxc4+ 28. Kb1 Rec8 29. Be7+ Ke8 30. Bxd6 Nc3+ 31. Nxc3 Rxc3 32. Rg8+ Kd7 33. Be5+ Rd3 0-1

[Event "Titled Tuesday intern op 22nd June"]
[Site "Chess.com INT"]
[Date "2021.06.22"]
[Round "6"]
[White "Porter, Ryan W"]
[Black "Williams, Simon Kim"]
[Result "0-1"]
[WhiteElo "2241"]
[BlackElo "2464"]
[PlyCount "124"]
[EventDate "2021.06.22"]
[EventType "swiss (blitz)"]
[EventRounds "11"]
[EventCountry "USA"]
[SourceTitle "CBM 203 Extra"]
[Source "ChessBase"]
[SourceDate "2021.09.30"]
[SourceVersion "1"]
[SourceVersionDate "2021.09.30"]
[SourceQuality "1"]

1. c4 f5 2. Nf3 Nf6 3. g3 d6 4. d4 e6 5. Bg2 Be7 6. 0-0 0-0 7. Nc3 a5 8. b3 Ne4 9. Bb2 Nxc3 10. Bxc3 Qe8 11. e3 Nd7 12. Qd3 Qh5 13. Ne1 e5 14. f4 e4 15. Qd1 Qf7 16. d5 Bf6 17. Qd2 Nc5 18. Rb1 c6 19. dxc6 bxc6 20. Bxa5 Be6 21. Rf2 d5 22. cxd5 cxd5 23. Bc3 Rfc8 24. Bd4 Nd7 25. Bf1 h5 26. h4 Be7 27. Qb2 Nf6 28. Be2 Ba3 29. Qa1 Be7 30. Bd1 Bd7 31. Kh2 Bb5 32. Rc2 Bd3 33. Rxc8+ Rxc8 34. Rc1 Ra8 35. a4 Qg6 36. Qc3 Ng4+ 37. Bxg4 Qxg4 38. Qd2 Rb8 39. Nxd3 exd3 40. Qxd3 Qf3 41. Qf1 Qe4 42. Qg2 Qe6 43. Rb1 Rc8 44. Qf3 Bb4 45. Rb2 g6 46. Qf2 Qe4 47. Qg2 Qe6 48. Rc2 Rb8 49. Qf2 Qe4 50. Qg2 Qe6 51. Qe2 Rd8 52. Rc1 Qe4 53. Qg2 Qd3 54. Qc2 Qxc2+ 55. Rxc2 Kf7 56. Kg2 Bd6 57. Rc6 Ke7 58. Rc2 Rb8 59. Rb2 Kd7 60. Kf3 Bb4 61. Ke2 Rc8 62. Kd3 Rc1 0-1

[Event "Titled Tuesday intern op 22nd June"]
[Site "Chess.com INT"]
[Date "2021.06.22"]
[Round "4"]
[White "Tsyhanchuk, Stanislav"]
[Black "Porter, Ryan W"]
[Result "0-1"]
[WhiteElo "2306"]
[BlackElo "2241"]
[PlyCount "96"]
[EventDate "2021.06.22"]
[EventType "swiss (blitz)"]
[EventRounds "11"]
[EventCountry "USA"]
[SourceTitle "CBM 203 Extra"]
[Source "ChessBase"]
[SourceDate "2021.09.30"]
[SourceVersion "1"]
[SourceVersionDate "2021.09.30"]
[SourceQuality "1"]

1. d4 d6 2. c4 e5 3. Nc3 exd4 4. Qxd4 Nc6 5. Qd1 Nf6 6. Nf3 a5 7. g3 g6 8. Bg2 Bg7 9. 0-0 0-0 10. Bg5 h6 11. Be3 Ng4 12. Bd2 Nge5 13. Nxe5 dxe5 14. Be3 Nd4 15. Qd2 Nf5 16. Rfd1 Qxd2 17. Bxd2 c6 18. Rac1 a4 19. e3 Be6 20. Ne4 b6 21. c5 b5 22. a3 Rfd8 23. Bb4 Bb3 24. Rxd8+ Rxd8 25. Nd6 Ne7 26. e4 Bf8 27. Bf3 Nc8 28. Nxc8 Rxc8 29. Bd1 Be6 30. Be2 Rd8 31. Rd1 Rxd1+ 32. Bxd1 Kg7 33. Kf1 Bc4+ 34. Be2 Bxe2+ 35. Kxe2 f5 36. Kd3 Kf6 37. f4 exf4 38. gxf4 fxe4+ 39. Kxe4 Ke6 40. h3 h5 41. h4 Bg7 42. Bc3 Bf8 43. Bd4 Be7 44. Bf2 Bf6 45. Bd4 Bxh4 46. Be5 Be7 47. Bd4 Bf6 48. Bf2 Bxb2 0-1

[Event "Titled Tuesday intern op 15th June"]
[Site "Chess.com INT"]
[Date "2021.06.15"]
[Round "6"]
[White "Baskin, Robert"]
[Black "Porter, Ryan W"]
[Result "1-0"]
[WhiteElo "2390"]
[BlackElo "2241"]
[PlyCount "45"]
[EventDate "2021.06.15"]
[EventType "swiss (blitz)"]
[EventRounds "11"]
[EventCountry "USA"]
[SourceTitle "CBM 203 Extra"]
[Source "ChessBase"]
[SourceDate "2021.09.30"]
[SourceVersion "1"]
[SourceVersionDate "2021.09.30"]
[SourceQuality "1"]

1. d4 d6 2. e4 Nf6 3. Nc3 g6 4. f4 Bg7 5. Nf3 0-0 6. e5 dxe5 7. fxe5 Nd5 8. Bc4 Nxc3 9. bxc3 c5 10. 0-0 Nc6 11. Ng5 e6 12. Be3 Qa5 13. Ne4 cxd4 14. cxd4 Nxe5 15. dxe5 Qxe5 16. Qf3 f5 17. Nc5 Qxa1 18. Rxa1 Bxa1 19. Nxe6 Bxe6 20. Bxe6+ Kh8 21. Qxb7 Rfe8 22. Qc6 Rac8 23. Bxc8 1-0

[Event "Titled Tuesday intern op 15th June"]
[Site "Chess.com INT"]
[Date "2021.06.15"]
[Round "1"]
[White "Durarbayli, Vasif"]
[Black "Porter, Ryan W"]
[Result "1-0"]
[WhiteElo "2606"]
[BlackElo "2241"]
[PlyCount "67"]
[EventDate "2021.06.15"]
[EventType "swiss (blitz)"]
[EventRounds "11"]
[EventCountry "USA"]
[SourceTitle "CBM 203 Extra"]
[Source "ChessBase"]
[SourceDate "2021.09.30"]
[SourceVersion "1"]
[SourceVersionDate "2021.09.30"]
[SourceQuality "1"]

1. e4 d6 2. d4 Nf6 3. Nc3 g6 4. Bg5 Bg7 5. Qd2 h6 6. Bh4 0-0 7. 0-0-0 c6 8. f4 b5 9. e5 b4 10. exf6 bxc3 11. Qxc3 exf6 12. d5 c5 13. Nf3 g5 14. Bg3 f5 15. Qa3 g4 16. Bh4 Qb6 17. Nd2 Na6 18. Be7 Re8 19. Nc4 Qb4 20. Bxd6 Bb7 21. Qxb4 Nxb4 22. Bxc5 Nxd5 23. Nd6 Reb8 24. Nxb7 Rxb7 25. Rxd5 Bxb2+ 26. Kd2 Re8 27. Bd3 Rc7 28. Rb1 Bf6 29. Rxf5 Kg7 30. Rb3 Rec8 31. Bd6 Rc6 32. Be5 Bxe5 33. fxe5 Rc5 34. Rb7 1-0

[Event "Titled Tuesday intern op 15th June"]
[Site "Chess.com INT"]
[Date "2021.06.15"]
[Round "11"]
[White "Porter, Ryan W"]
[Black "Efremov, Vladislav"]
[Result "1-0"]
[WhiteElo "2241"]
[BlackElo "2173"]
[PlyCount "89"]
[EventDate "2021.06.15"]
[EventType "swiss (blitz)"]
[EventRounds "11"]
[EventCountry "USA"]
[SourceTitle "CBM 203 Extra"]
[Source "ChessBase"]
[SourceDate "2021.09.30"]
[SourceVersion "1"]
[SourceVersionDate "2021.09.30"]
[SourceQuality "1"]

1. e4 c5 2. Nf3 e6 3. b3 Nc6 4. Bb2 Nf6 5. e5 Ng4 6. Bb5 Be7 7. Bxc6 dxc6 8. Nc3 0-0 9. h3 Nh6 10. Ne4 Nf5 11. 0-0 Nd4 12. Re1 b6 13. Nxd4 cxd4 14. Qg4 c5 15. c3 Bb7 16. cxd4 cxd4 17. Bxd4 Kh8 18. Bc3 Qd5 19. Re3 Bc5 20. Nxc5 bxc5 21. Rg3 Rg8 22. Qf4 Raf8 23. b4 cxb4 24. Qxb4 Rb8 25. Rb1 Qe4 26. Rg4 Qc6 27. Qd6 Rgd8 28. Qe7 Rd7 29. Qg5 Rg8 30. f3 Qc5+ 31. Kh2 Qf2 32. Qf4 Qc5 33. Bb4 Qd5 34. Bd6 Qd3 35. Rb3 Qd5 36. Ra3 a6 37. Qg3 Qc6 38. Rc3 Qd5 39. h4 Qxd2 40. Rcc4 Qxa2 41. Rcf4 a5 42. h5 h6 43. Rf6 Kh7 44. Bf8 Qc2 45. Rxg7+ 1-0

[Event "Titled Tuesday intern op 15th June"]
[Site "Chess.com INT"]
[Date "2021.06.15"]
[Round "7"]
[White "Porter, Ryan W"]
[Black "Senthil, Maran K"]
[Result "1/2-1/2"]
[WhiteElo "2241"]
[BlackElo "2220"]
[PlyCount "174"]
[EventDate "2021.06.15"]
[EventType "swiss (blitz)"]
[EventRounds "11"]
[EventCountry "USA"]
[SourceTitle "CBM 203 Extra"]
[Source "ChessBase"]
[SourceDate "2021.09.30"]
[SourceVersion "1"]
[SourceVersionDate "2021.09.30"]
[SourceQuality "1"]

1. c4 e6 2. Nf3 d5 3. e3 c6 4. Nc3 Nf6 5. b3 Bd6 6. Bb2 0-0 7. d4 Nbd7 8. Be2 e5 9. dxe5 Nxe5 10. cxd5 cxd5 11. 0-0 Be6 12. Nb5 Nxf3+ 13. Bxf3 Be7 14. Qd3 a6 15. Nd4 Rc8 16. Rac1 Qd7 17. h3 Rxc1 18. Rxc1 Rc8 19. Rxc8+ Qxc8 20. Nxe6 fxe6 21. Qc3 Qxc3 22. Bxc3 Ne4 23. Ba5 Kf7 24. Kf1 Ke8 25. Be2 Bd8 26. Bb4 Be7 27. Ba5 Bd8 28. Be1 Bf6 29. Bd3 Kd7 30. f3 Nc3 31. Bxc3 Bxc3 32. Bxh7 Kd6 33. Ke2 Ke5 34. Kd3 Bb2 35. h4 b5 36. g4 Bc1 37. f4+ Kd6 38. Bg6 Ke7 39. g5 b4 40. Bh5 a5 41. Bg4 Kf7 42. h5 Bb2 43. e4 dxe4+ 44. Kxe4 Bc1 45. h6 gxh6 46. gxh6 Bb2 47. Bh5+ Kf6 48. Bg4 Bc1 49. h7 Kg7 50. f5 exf5+ 51. Bxf5 Bb2 52. Kd5 Kf7 53. Kd6 Ke8 54. Kc7 Ke7 55. Kb6 Kd6 56. Kxa5 Kc5 57. Ka4 Bh8 58. a3 bxa3 59. Kxa3 Kd6 60. Ka4 Ke7 61. Kb5 Kf8 62. Kc5 Bc3 63. b4 Kg7 64. b5 Be5 65. Kd5 Bh2 66. Kc6 Kh8 67. b6 Bg3 68. b7 Bh2 69. b8Q+ Bxb8 70. Be6 Bf4 71. Bd7 Kg7 72. Bc8 Bg5 73. Bd7 Be7 74. Bc8 Bf6 75. Bd7 Kf8 76. Bc8 Bh8 77. Bd7 Ke7 78. Bf5 Kd8 79. Be4 Ke7 80. Kd5 Kf6 81. Bd3 Kg5 82. Ke6 Kf4 83. Kf7 Ke3 84. Kg8 Bc3 85. Bg6 Kf4 86. Bf7 Kg5 87. h8Q Bxh8 1/2-1/2